00513nam a22001457a 450000500170000002000180001708200170003510000240005224500660007626000520014230000110019494200120020599900190021795201310023620260217112107.0 a9781647404246 a631.53 GIB.A aGibson, Lucca99979 aApomixis : Evolution, mechanisms and molecular perspectives / aNew Delhi:bDiscovery publishing house,cc2023. a230 p. 2ddccBK c756204d756204 00102ddc4070aBOTbBOTcGENd2026-02-17eSouthern book starl0o631.53 GIB.ApBOT10930r2026-02-17 06:28:54w2026-02-17yBK